Elements of style / (Record no. 10419)
[ view plain ]
| 000 -LEADER | |
|---|---|
| fixed length control field | 01245cam a2200349Li 4500 |
| 001 - CONTROL NUMBER | |
| control field | 13059989 |
| 003 - CONTROL NUMBER IDENTIFIER | |
| control field | OSt |
| 005 - DATE AND TIME OF LATEST TRANSACTION | |
| control field | 20210223171315.0 |
| 008 - FIXED-LENGTH DATA ELEMENTS--GENERAL INFORMATION | |
| fixed length control field | 840125c19821979nyu 001 0 eng d |
| 010 ## - LIBRARY OF CONGRESS CONTROL NUMBER | |
| Canceled/invalid LC control number | 78018444 |
| 020 ## - INTERNATIONAL STANDARD BOOK NUMBER | |
| International Standard Book Number | 0024181900 : |
| Terms of availability | $9.95 |
| 020 ## - INTERNATIONAL STANDARD BOOK NUMBER | |
| International Standard Book Number | 0024182303 |
| 020 ## - INTERNATIONAL STANDARD BOOK NUMBER | |
| International Standard Book Number | 0024182001 (pbk.) |
| 035 01 - SYSTEM CONTROL NUMBER | |
| System control number | wsl78018444 //r892 |
| 035 01 - SYSTEM CONTROL NUMBER | |
| System control number | 147301 |
| 040 ## - CATALOGING SOURCE | |
| Original cataloging agency | MNP |
| Language of cataloging | eng |
| Description conventions | rda |
| Transcribing agency | MNP |
| Modifying agency | OCL |
| -- | GAU |
| -- | OCL |
| -- | ZCZ |
| -- | MTU |
| 050 ## - LIBRARY OF CONGRESS CALL NUMBER | |
| Item number | ST927E |
| 082 ## - DEWEY DECIMAL CLASSIFICATION NUMBER | |
| Item number | ST927E |
| 090 ## - LOCALLY ASSIGNED LC-TYPE CALL NUMBER (OCLC); LOCAL CALL NUMBER (RLIN) | |
| Classification number (OCLC) (R) ; Classification number, CALL (RLIN) (NR) | PE1408 |
| Local cutter number (OCLC) ; Book number/undivided call number, CALL (RLIN) | .S772 1989 |
| 092 ## - LOCALLY ASSIGNED DEWEY CALL NUMBER (OCLC) | |
| Classification number | 808.042 |
| Item number | S927e3 |
| 100 1# - MAIN ENTRY--PERSONAL NAME | |
| Personal name | Strunk, William, |
| Dates associated with a name | 1869-1946. |
| Authority record control number or standard number | http://id.loc.gov/authorities/names/nr94031524 |
| 245 10 - TITLE STATEMENT | |
| Title | Elements of style / |
| Statement of responsibility, etc. | by William Strunk Jr. ; with revisions, an introduction, and a chapter on writing by E.B. White. |
| 250 ## - EDITION STATEMENT | |
| Edition statement | Third edition. |
| 260 ## - PUBLICATION, DISTRIBUTION, ETC. | |
| Place of publication, distribution, etc. | New York : |
| Name of publisher, distributor, etc. | Macmillan ; |
| Place of publication, distribution, etc. | London : |
| Name of publisher, distributor, etc. | Collier Macmillan, |
| Date of publication, distribution, etc. | [c1979] |
| 300 ## - PHYSICAL DESCRIPTION | |
| Extent | xvii, 92 pages ; |
| Dimensions | 21 cm |
| 336 ## - CONTENT TYPE | |
| Content type term | text |
| Content type code | txt |
| Source | rdacontent |
| 337 ## - MEDIA TYPE | |
| Media type term | unmediated |
| Media type code | n |
| Source | rdamedia |
| 338 ## - CARRIER TYPE | |
| Carrier type term | volume |
| Carrier type code | nc |
| Source | rdacarrier |
| 650 #0 - SUBJECT ADDED ENTRY--TOPICAL TERM | |
| Topical term or geographic name entry element | English language |
| General subdivision | Rhetoric. |
| Authority record control number or standard number | http://id.loc.gov/authorities/subjects/sh85043678 |
| 700 1# - ADDED ENTRY--PERSONAL NAME | |
| Personal name | White, E. B. |
| Fuller form of name | (Elwyn Brooks), |
| Dates associated with a name | 1899-1985. |
| Authority record control number or standard number | http://id.loc.gov/authorities/names/n79054648 |
| 942 ## - ADDED ENTRY ELEMENTS (KOHA) | |
| Source of classification or shelving scheme | Dewey Decimal Classification |
| Koha item type | Books |
| Withdrawn status | Lost status | Source of classification or shelving scheme | Damaged status | Not for loan | Collection code | Home library | Current library | Shelving location | Date acquired | Total Checkouts | Full call number | Barcode | Date last seen | Price effective from | Koha item type |
|---|---|---|---|---|---|---|---|---|---|---|---|---|---|---|---|
| Dewey Decimal Classification | Non-fiction | Harvest Mission College | Harvest Mission College | General Stacks | 02.03.2021 | 808 ST927E | 012017 | 02.03.2021 | 02.03.2021 | Books |
